000 00783nai a22002057a 4500
003 OSt
005 20170601160907.0
008 170321b xxu||||| |||| 00| 0 eng d
022 _a07977-888X
040 _aBMC
_cBMC
082 _a338.1
245 0 0 _aBiodiversidad, sustento y culturas
_b: julio
_cCarmen Améndola, editora
260 _aBarcelona
_bREDES-AT
_bGRAIN
_c2004
300 _a48 p.
_c28 cm
490 _aRedes, amigos de la tierra
_v41
505 _aContiene: Las áreas protegidas y la privatización de la vida.- El Alca y el derecho de autodeterminación de los pueblos.- El día en que muera el sol.- seminario sobre soberanía alimentaria y biodiversidad.-
650 2 4 _96390
_aAgricultura integrada
700 1 _940880
_aAméndola, Carmen‏
942 _2ddc
_cPR
999 _c27363
_d27363